Ptaki stwierdzone w Polsce - 2024 - Statystyki

Ogólne statystyki
  • Ten quiz został rozwiązany 149 razy
  • Średni wynik to 159 z 474
Statystyki odpowiedzi
Odpowiedź % Poprawnych
Kruk
83%
Wróbel
82%
Bocian biały
81%
Sroka
81%
Bocian czarny
78%
Bażant
75%
Jastrząb
74%
Kos
74%
Czapla siwa
72%
Gawron
72%
Kawka
72%
Krzyżówka
72%
Puchacz
71%
Żuraw
71%
Bogatka
69%
Myszołów
69%
Sójka
69%
Zimorodek
69%
Bielik
68%
Dudek
68%
Kormoran
67%
Modraszka
67%
Wilga
67%
Kuropatwa
65%
Łabędź niemy
65%
Oknówka
65%
Orzeł przedni
65%
Dymówka
64%
Dzięcioł zielony
64%
Gil
64%
Mazurek
64%
Puszczyk
64%
Szpak
63%
Wrona siwa
63%
Czapla biała
61%
Dzięcioł czarny
61%
Dzięcioł duży
61%
Sokół wędrowny
61%
Pustułka
60%
Rudzik
60%
Sikora uboga
60%
Szczygieł
60%
Turkawka
60%
Grzywacz
58%
Jer
58%
Mandarynka
58%
Żołna
58%
Gęgawa
57%
Gołąb miejski
57%
Kukułka
57%
Skowronek
57%
Uszatka
57%
Zięba
57%
Kraska
56%
Łabędź krzykliwy
56%
Płomykówka
56%
Śmieszka
56%
Dzięcioł średni
54%
Głuszec
54%
Grubodziób
54%
Pójdźka
54%
Przepiórka
54%
Sosnówka
54%
Cietrzew
53%
Cyraneczka
53%
Czyż
53%
Perkoz dwuczuby
53%
Jerzyk
51%
Krogulec
51%
Mewa srebrzysta
51%
Mysikrólik
51%
Nurogęś
51%
Rybołów
51%
Dzięciołek
50%
Jemiołuszka
50%
Raniuszek
50%
Trznadel
50%
Bąk
49%
Błotniak stawowy
49%
Czarnowron
49%
Kania ruda
49%
Kwiczoł
49%
Lelek
49%
Łyska
49%
Pliszka siwa
49%
Sóweczka
49%
Błotniak łąkowy
47%
Czubatka
47%
Drop
47%
Dzwoniec
47%
Gęś zbożowa
47%
Kokoszka
47%
Pleszka
47%
Sierpówka
47%
Bernikla kanadyjska
46%
Cyranka
46%
Kowalik
46%
Kulczyk
46%
Pliszka żółta
46%
Błotniak zbożowy
44%
Brzegówka
44%
Czajka
44%
Kania czarna
44%
Kobuz
44%
Kopciuszek
44%
Krętogłów
44%
Lodówka
44%
Remiz
44%
Srokosz
44%
Bączek
43%
Dzięcioł trójpalczasty
43%
Dzięcioł zielonosiwy
43%
Kszyk
43%
Orlik krzykliwy
43%
Pliszka cytrynowa
43%
Pliszka górska
43%
Puszczyk uralski
43%
Sęp płowy
43%
Sikora lazurowa
43%
Trzcinniczek
43%
Ohar
42%
Orłosęp
42%
Słonka
42%
Śpiewak
42%
Włochatka
42%
Alka
40%
Batalion
40%
Edredon
40%
Gągoł
40%
Jarząbek
40%
Makolągwa
40%
Orzechówka
40%
Pełzacz leśny
40%
Perkozek
40%
Siniak
40%
Szablodziób
40%
Trzciniak
40%
Bernikla obrożna
39%
Czarnogłówka
39%
Czernica
39%
Gadożer
39%
Gęś tundrowa
39%
Łabędź czarnodzioby
39%
Muchołówka żałobna
39%
Orlik grubodzioby
39%
Pierwiosnek
39%
Płaskonos
39%
Pustułeczka
39%
Puszczyk mszarny
39%
Ślepowron
39%
Świstun
39%
Derkacz
38%
Krakwa
38%
Kulik wielki
38%
Markaczka
38%
Maskonur
38%
Mewa siwa
38%
Myszołów włochaty
38%
Pełzacz ogrodowy
38%
Podgorzałka
38%
Rybitwa rzeczna
38%
Rycyk
38%
Uhla
38%
Uszatka błotna
38%
Wodniczka
38%
Błotniak stepowy
36%
Brodziec piskliwy
36%
Czapla purpurowa
36%
Droździk
36%
Gęś białoczelna
36%
Hełmiatka
36%
Kapturka
36%
Krwawodziób
36%
Nur czarnoszyi
36%
Rożeniec
36%
Sieweczka rzeczna
36%
Słowik szary
36%
Sterniczka
36%
Syczek
36%
Szczudłak
36%
Wąsatka
36%
Wodnik
36%
Zausznik
36%
Bernikla rdzawoszyja
35%
Czapla nadobna
35%
Dzięcioł białogrzbiety
35%
Gąsiorek
35%
Lerka
35%
Mewa siodłata
35%
Mewa żółtonoga
35%
Muchołówka mała
35%
Ogorzałka
35%
Ostrygojad
35%
Paszkot
35%
Perkoz rdzawoszyi
35%
Perkoz rogaty
35%
Potrzeszcz
35%
Raróg
35%
Rokitniczka
35%
Sieweczka obrożna
35%
Siewka złota
35%
Strzyżyk
35%
Warzęcha
35%
Wójcik
35%
Zielonka
35%
Zniczek
35%
Alczyk
33%
Bekasik
33%
Bielaczek
33%
Czapla złotawa
33%
Drozd obrożny
33%
Dzięcioł białoszyi
33%
Dziwonia
33%
Gęś krótkodzioba
33%
Głowienka
33%
Głuptak
33%
Górniczek
33%
Junko
33%
Kazarka rdzawa
33%
Kobczyk
33%
Kropiatka
33%
Kulik mniejszy
33%
Mewa mała
33%
Muchołówka szara
33%
Orzeł cesarski
33%
Płochacz halny
33%
Potrzos
33%
Świergotek polny
33%
Trzmielojad
33%
Bernikla białolica
32%
Biegus zmienny
32%
Dzierlatka
32%
Flaming różowy
32%
Kwokacz
32%
Orzeł stepowy
32%
Pelikan różowy
32%
Pluszcz
32%
Pokrzywnica
32%
Rybitwa czarna
32%
Sęp kasztanowaty
32%
Słowik rdzawy
32%
Szlachar
32%
Szlamnik
32%
Zaganiacz
32%
Gęsiówka egipska
31%
Gęś mała
31%
Jerzyk alpejski
31%
Kormoran mały
31%
Krzyżodziób sosnowy
31%
Krzyżodziób świerkowy
31%
Łęczak
31%
Łozówka
31%
Mewa czarnogłowa
31%
Mewa romańska
31%
Muchołówka białoszyja
31%
Nur rdzawoszyi
31%
Nurzyk
31%
Ortolan
31%
Orzełek
31%
Piecuszek
31%
Piegża
31%
Pomurnik
31%
Siwerniak
31%
Świergotek łąkowy
31%
Żuraw stepowy
31%
Brzęczka
29%
Cierniówka
29%
Jarzębatka
29%
Kormoran czubaty
29%
Pokląskwa
29%
Rybitwa białoczelna
29%
Samotnik
29%
Siewka szara
29%
Siewka złotawa
29%
Sowa jarzębata
29%
Świergotek drzewny
29%
Świerszczak
29%
Turkawka wschodnia
29%
Czeczotka
28%
Gajówka
28%
Mewa białogłowa
28%
Podróżniczek
28%
Puchacz śnieżny
28%
Siewnica
28%
Strumieniówka
28%
Świstunka leśna
28%
Wieszczek
28%
Białorzytka
26%
Brodziec śniady
26%
Drzemlik
26%
Dubelt
26%
Ibis kasztanowaty
26%
Kaniuk
26%
Karliczka
26%
Kląskawka
26%
Kulon
26%
Mewa śródziemnomorska
26%
Mewa trójpalczasta
26%
Nurnik
26%
Orlica
26%
Pardwa mszarna
26%
Pasterz
26%
Pokrzewka aksamitna
26%
Rybaczek srokaty
26%
Rybitwa białowąsa
26%
Sieweczka pustynna
26%
Śnieguła
26%
Turkan
26%
Zaroślówka
26%
Biegus arktyczny
25%
Bielik wschodni
25%
Czajka towarzyska
25%
Czapla modronosa
25%
Czerniczka
25%
Kurhannik
25%
Markaczka amerykańska
25%
Rybitwa wielkodzioba
25%
Świstun amerykański
25%
Uhla azjatycka
25%
Biegus krzywodzioby
24%
Biegus malutki
24%
Biegus rdzawy
24%
Birginiak
24%
Brodziec pławny
24%
Hubara arabska
24%
Jaskółka śródziemnomorska
24%
Jerzyk blady
24%
Krzyżodziób modrzewiowy
24%
Lodowiec
24%
Mewa polarna
24%
Nur pacyficzny
24%
Poświerka
24%
Ścierwnik
24%
Sieweczka morska
24%
Sójka syberyjska
24%
Sokół skalny
24%
Świstunka ałtajska
24%
Trznadel białogłowy
24%
Trznadel czarnogłowy
24%
Trznadelek
24%
Czajka szponiasta
22%
Kamieniuszka
22%
Mornel
22%
Pelikan kędzierzawy
22%
Rybitwa białoskrzydła
22%
Rybitwa popielata
22%
Świstunka iberyjska
22%
Wydrzyk ostrosterny
22%
Biegus mały
21%
Dzierzba czarnoczelna
21%
Fulmar
21%
Mewa popielata
21%
Mewa różowa
21%
Ogorzałka mała
21%
Orzeł południowy
21%
Pustynnik
21%
Rybitwa czubata
21%
Słowik syberyjski
21%
Strepet
21%
Świergotek szponiasty
21%
Świstunka górska
21%
Wydrzyk tęposterny
21%
Zaganiacz mały
21%
Żwirowiec łąkowy
21%
Białorzytka pustynna
19%
Białorzytka saharyjska
19%
Białozór
19%
Cyraneczka karolińska
19%
Kamusznik
19%
Kulik cienkodzioby
19%
Mewa blada
19%
Mewa modrodzioba
19%
Nagórnik
19%
Nur białodzioby
19%
Nurzyk polarny
19%
Piaskowiec
19%
Płochacz syberyjski
19%
Raróg górski
19%
Terekia
19%
Trzcinniczek kaspijski
19%
Zaganiacz blady
19%
Żwirowiec stepowy
19%
Biegus wielki
18%
Burzyk szary
18%
Cyranka modroskrzydła
18%
Czajka stepowa
18%
Drozd oliwkowy
18%
Dzierzba rudogłowa
18%
Krogulec krótkonogi
18%
Mewa cienkodzioba
18%
Mewa ochocka
18%
Modraczek
18%
Perkoz grubodzioby
18%
Płochacz czarnogardły
18%
Rybitwa różowa
18%
Sieweczka długonoga
18%
Szpak jednobarwny
18%
Trznadel rudogłowy
18%
Biegus morski
17%
Biegus płaskodzioby
17%
Brodziec żółtonogi
17%
Głuptak białobrzuchy
17%
Kalandra szara
17%
Mewa karaibska
17%
Nawałnik burzowy
17%
Nawałnik duży
17%
Oceannik żółtopłetwy
17%
Rybitwa krótkodzioba
17%
Świergotek rdzawogardły
17%
Świergotek stepowy
17%
Świergotek tajgowy
17%
Tamaryszka
17%
Trznadel czubaty
17%
Trznadel złotawy
17%
Zaganiacz szczebiotliwy
17%
Kląskawka syberyjska
15%
Mewa delawarska
15%
Mewa obrożna
15%
Płatkonóg szydłodzioby
15%
Pokrzewka wąsata
15%
Rzepołuch
15%
Skowrończyk krótkopalcowy
15%
Śnieżka
15%
Srokosz północny
15%
Świergotek nadmorski
15%
Świerszczak melodyjny
15%
Świstunka złotawa
15%
Świstunka żółtawa
15%
Wydrzyk wielki
15%
Biegus białorzytny
14%
Biegus ostrosterny
14%
Brodziec plamisty
14%
Burzyk północny
14%
Drozd czarnogardły
14%
Drozd rdzawogardły
14%
Kalandra czarna
14%
Kalandra dwuplamista
14%
Osetnik
14%
Płatkonóg płaskodzioby
14%
Trznadel szarogłowy
14%
Trznadel złotobrewy
14%
Wireonek czerwonooki
14%
Wróbel skalny
14%
Bajkałówka
13%
Białorzytka pstra
13%
Biegus płowy
13%
Biegus tundrowy
13%
Burzyk balearski
13%
Burzyk żółtodzioby
13%
Cierlik
13%
Drozdaczek ciemny
13%
Drozd rdzawoskrzydły
13%
Głuszek
13%
Łuskowiec
13%
Świstunka brunatna
13%
Szlamiec długodzioby
13%
Wydrzyk długosterny
13%
Bagiennik żółtobrewy
11%
Biegus karłowaty
11%
Pliszka syberyjska
11%
Pokrzewka iberyjska
11%
Świstunka grubodzioba
11%
Białorzytka płowa
10%
Białorzytka rdzawa
10%
Biegus długoskrzydły
10%
Drozdoń tajgowy
10%
Brodziec piegowaty
8%
Drozd rdzawy
8%
Dzierzba pustynna
8%
Gilak pustynny
8%
Skowronek białoskrzydły
8%
Sieweczka tybetańska
7%
Dzierzba rdzawosterna
6%
Świstunka północna
6%
Nie znaleziono quizów pasujących do podanych kryteriów
Rozkład punktacji
Procent ludzi z każdym wynikiem
Percentyl według liczby udzielonych odpowiedzi
Twoja historia wyników
Nie rozwiązałeś tego quizu